[Event "otb"]
[Site "otb"]
[Date "2007.03.17"]
[Round "2"]
[White "Ziatdinov Raset"]
[Black "Galyamov Vildan"]
[Result "1-0"]
[WhiteElo "2449"]
[BlackElo "2238"]
[PlyCount "83"]
[Source "www.chesslib.no"]
[SourceDate "2004.05.04"]

1. d4 d5 2. c4 e6 3. Nc3 f5 4. Nf3 c6 5. g3 Nf6 6. Bg2 Be7 7. O-O O-O 8. b3 Nbd7 9. a4 Ne4 10. Qc2 Bf6 11. Ba3 Re8 12. Rad1 Nxc3 13. Qxc3 Qc7 14. Ne1 Qd8 15. Nd3 a5 16. e3 Be7 17. Bxe7 Qxe7 18. f3 b6 19. e4 Bb7 20. Rfe1 fxe4 21. fxe4 Qd6 22. Nf4 Rad8 23. Bh3 Nf8 24. e5 Qe7 25. Rc1 Ba8 26. c5 Qb7 27. Re3 Rb8 28. Rf3 Qa7 29. cxb6 Rxb6 30. Rcf1 Rbb8 31. Nd3 Re7 32. Nc5 Ree8 33. Rf4 Ng6 34. R4f2 Nf8 35. Qf3 Qe7 36. Qh5 g6 37. Qh6 Bb7 38. Rf6 Bc8 39. Qf4 Rb4 40. Rf7 Qxc5 41. Qf6 Qxd4+ 42. Kh1 1-0

[Event "Kiel op-A 16th"]
[Site "?"]
[Date "2003.07.28"]
[Round "5.7"]
[White "Kopylov Mihail"]
[Black "Izrailev Alexander"]
[Result "1/2-1/2"]
[WhiteElo "2450"]
[BlackElo "2234"]
[PlyCount "101"]
[EventDate "2003.??.??"]
[Source "www.chesslib.no"]
[SourceDate "2004.05.04"]

1. d4 e6 2. g3 f5 3. Bg2 Nf6 4. c4 Be7 5. Nc3 O-O 6. Nf3 d5 7. O-O c6 8. Qc2 Ne4 9. Rb1 a5 10. a3 Na6 11. Ne5 Bd6 12. Nxe4 fxe4 13. f3 c5 14. fxe4 Rxf1+ 15. Kxf1 cxd4 16. Nf3 Qf6 17. cxd5 exd5 18. Qb3 Nc7 19. exd5 Bf5 20. Bg5 Qf7 21. Re1 Be4 22. Kg1 d3 23. Be3 Qh5 24. Nd4 Bxg2 25. Kxg2 dxe2 26. Rxe2 Re8 27. Rd2 a4 28. Qd3 Nxd5 29. Bf2 Qg4 30. Qf5 Nf6 31. Qxg4 Nxg4 32. Bg1 Bc5 33. h3 Ne3+ 34. Kf3 Nc4 35. Rc2 Ne5+ 36. Kg2 b6 37. Re2 Kf7 38. Nf5 Kf6 39. Bxc5 bxc5 40. Nd6 Rb8 41. Ne4+ Kf5 42. Nxc5 Ra8 43. Re4 Rc8 44. g4+ Kf6 45. Rf4+ Kg6 46. Nxa4 Nd3 47. Rf1 Rc2+ 48. Kf3 Nxb2 49. Nxb2 Rxb2 50. Ke4 h5 51. Kf4 1/2-1/2

[Event "DEN-chT 9900"]
[Site "DEN"]
[Date "2000.??.??"]
[Round "5"]
[White "Antonsen, Mikkel"]
[Black "Palm, Nicolai"]
[Result "0-1"]
[WhiteElo "2403"]
[BlackElo "2269"]
[PlyCount "79"]
[EventDate "1999.??.??"]
[Source "www.chesslib.no"]
[SourceDate "2004.05.04"]

1. d4 d5 2. c4 e6 3. Nf3 c6 4. Nc3 f5 5. g3 Nf6 6. Bg2 Be7 7. O-O O-O 8. Rb1 Ne4 9. Qc2 Nd7 10. b4 b6 11. b5 Nxc3 12. Qxc3 c5 13. cxd5 exd5 14. dxc5 bxc5 15. Ne5 Bb7 16. Nc6 Bxc6 17. bxc6 Nb6 18. Rd1 Qd6 19. Bf4 Qxc6 20. Rxb6 Qxb6 21. Bxd5+ Kh8 22. Be5 Bf6 23. Bxa8 Bxe5 24. Qxe5 Rxa8 25. Qxf5 c4 26. Qe5 Rc8 27. Rd7 Qg6 28. h4 h6 29. Rd6 Qf7 30. Qc3 Kg8 31. Rd4 Qe6 32. e3 Qc6 33. e4 a5 34. Kg2 a4 35. a3 Qb5 36. Rd5 Qb3 37. Qd4 Qxa3 38. Rd7 Qf8 39. Qd5+ Kh8 40. Rf7 0-1

[Event "Lloyds Bank Open"]
[Site "London ENG"]
[Date "1985.??.??"]
[Round "?"]
[White "Knott, Simon J B"]
[Black "Bellin, Robert"]
[Result "1/2-1/2"]
[WhiteElo "2275"]
[BlackElo "2395"]
[PlyCount "91"]
[EventDate "1985.08.??"]
[Source "www.chesslib.no"]
[SourceDate "2004.05.04"]

1. c4 f5 2. Nf3 Nf6 3. g3 e6 4. Bg2 Be7 5. O-O O-O 6. d4 c6 7. Nc3 d5 8. Qc2 Ne4 9. Ne5 Nd7 10. Bf4 Nxe5 11. Bxe5 Nd6 12. cxd5 exd5 13. f4 Nc4 14. Qb3 Nd2 15. Qc2 Nxf1 16. Rxf1 Be6 17. Na4 Bf6 18. Nc5 Qe7 19. Nd3 Rac8 20. b4 Bxe5 21. fxe5 b6 22. a3 g5 23. Qa2 Kh8 24. e3 Qd7 25. Kh1 Rf7 26. Qb3 Rg7 27. a4 h5 28. Qd1 Rh7 29. h4 Qe7 30. Qe1 Rg8 31. Bf3 f4 32. hxg5 fxe3 33. Qxe3 Rxg5 34. Kh2 Rhg7 35. Be2 Bf5 36. Nf4 Rxg3 37. Qxg3 Rxg3 38. Kxg3 Qg5+ 39. Kf3 Bg4+ 40. Ke3 Bxe2 41. Kxe2 h4 42. e6 Kh7 43. Kf3 a6 44. Rf2 b5 45. axb5 axb5 46. Rg2 1/2-1/2

[Event "FRG-ch"]
[Site "Oberursel"]
[Date "1972.??.??"]
[Round "?"]
[White "Haecker, Gabriele"]
[Black "Heil, Siegfried"]
[Result "1-0"]
[WhiteElo "2280"]
[BlackElo "2390"]
[PlyCount "97"]
[EventDate "1972.??.??"]
[Source "www.chesslib.no"]
[SourceDate "2004.05.04"]

1. d4 e6 2. c4 f5 3. g3 Nf6 4. Bg2 Be7 5. Nf3 O-O 6. O-O d5 7. Nc3 c6 8. b3 Ne4 9. Bb2 Bf6 10. e3 a5 11. Qc2 b6 12. Ne2 Bb7 13. Nf4 Re8 14. Nd3 Nd7 15. Rfc1 Rc8 16. Qe2 Ba6 17. Rc2 c5 18. Rac1 Rc7 19. Qd1 dxc4 20. bxc4 cxd4 21. exd4 Qc8 22. Bf1 Qa8 23. h4 Bb7 24. Nd2 g5 25. hxg5 Nxg5 26. f4 Nf7 27. Qh5 Nf8 28. Ne1 Nd6 29. Bg2 Rg7 30. Kh2 Rg6 31. c5 Bxg2 32. cxd6 Bd5 33. Ndf3 Bg7 34. Nh4 Rh6 35. Qe2 Bf6 36. Neg2 Kh8 37. Kg1 Qb8 38. Rc7 Rd8 39. Ne3 Be4 40. Nf3 Qa8 41. d5 Kg8 42. Bxf6 Rxf6 43. Ng5 Rh6 44. Nxe4 fxe4 45. f5 exf5 46. Nxf5 Rf6 47. Qg4+ Ng6 48. Ne7+ Kh8 49. Rc8 1-0

[Event "Moscow RUS"]
[Site "?"]
[Date "1996.??.??"]
[Round "?"]
[White "Annakov Babakuli"]
[Black "Pres Grigorij"]
[Result "1/2-1/2"]
[WhiteElo "2360"]
[BlackElo "2310"]
[PlyCount "148"]
[EventDate "1996.??.??"]
[Source "www.chesslib.no"]
[SourceDate "2004.05.04"]

1. d4 e6 2. c4 f5 3. Nf3 Nf6 4. g3 Be7 5. Bg2 O-O 6. O-O d5 7. Nc3 c6 8. Qc2 Bd7 9. Ne5 Be8 10. Bg5 Nbd7 11. Bxf6 Bxf6 12. f4 Nxe5 13. dxe5 Be7 14. Kh1 b5 15. b3 Rc8 16. a4 b4 17. Nd1 Bc5 18. Nb2 a5 19. Rad1 Bd7 20. Nd3 Qb6 21. e4 Be7 22. exf5 Rxf5 23. Ne1 Rf7 24. Nf3 g6 25. h4 Rd8 26. Kh2 Bc8 27. Bh3 Re8 28. c5 Qc7 29. Nd4 Bf8 30. Bg4 Qe7 31. Rc1 Bd7 32. Qe2 Ra8 33. Kg2 h5 34. Bf3 Rg7 35. Qd3 Qf7 36. Be2 Be7 37. Kh2 Qf8 38. Qc2 Qf7 39. Rf3 Rf8 40. Bf1 Ra8 41. Bh3 Bf8 42. Qe2 Qe7 43. Rf2 Ra7 44. Nf3 Rh7 45. Ng5 Rh6 46. g4 Qe8 47. Rg2 Bc8 48. Qd3 Rg7 49. Qe3 hxg4 50. Rxg4 Kh8 51. Nf3 Rgh7 52. Kg3 Kg7 53. Bf1 Be7 54. Bd3 Qh8 55. Rh1 Qf8 56. Qc1 Bd7 57. Qc2 Be8 58. Ng5 Bxg5 59. fxg5 Rh5 60. Rf1 Qe7 61. Rf6 Qc7 62. Rxe6 Bf7 63. Rd6 Qe7 64. Qe2 Be6 65. Rxe6 Qxe6 66. Rf4 Rxg5+ 67. hxg5 Qh3+ 68. Kf2 Qh2+ 69. Ke3 Rh3+ 70. Rf3 Qxe5+ 71. Kd2 Rh2 72. Rf2 Qc3+ 73. Ke3 Qe5+ 74. Kd2 Qc3+ 1/2-1/2

[Event "Calcutta"]
[Site "Calcutta"]
[Date "1998.07.04"]
[Round "1"]
[White "Koteich, Nisrine"]
[Black "Boguszlavszky, Jevgenyij"]
[Result "0-1"]
[WhiteElo "2320"]
[BlackElo "2345"]
[PlyCount "74"]
[EventDate "1998.??.??"]
[Source "www.chesslib.no"]
[SourceDate "2004.05.04"]

1. Nf3 e6 2. g3 f5 3. Bg2 Nf6 4. O-O Be7 5. c4 O-O 6. Nc3 d5 7. d4 c6 8. Bf4 Bd7 9. Qd3 Be8 10. Rad1 Ne4 11. Ne5 g5 12. Bc1 Nd7 13. Nxd7 Qxd7 14. Nxe4 fxe4 15. Qb3 Bh5 16. f3 Bf6 17. g4 exf3 18. exf3 Bg6 19. f4 gxf4 20. Bxf4 Bg7 21. cxd5 exd5 22. Qg3 Rae8 23. Rf2 Qd8 24. h4 Qa5 25. Qc3 Qb6 26. Be3 Be4 27. Rxf8+ Bxf8 28. Rf1 Bg7 29. Rf4 Bxg2 30. Kxg2 Qa6 31. a3 Qe2+ 32. Bf2 Bf8 33. b4 Bd6 34. Rf3 Re4 35. g5 Rxh4 36. Qd3 Rh2+ 37. Kg1 Rxf2 0-1

[Event "Matrai Nyar op 23rd"]
[Site "?"]
[Date "2000.??.??"]
[Round "?"]
[White "Prokopisin Vasily"]
[Black "Chetverik Maxim"]
[Result "1/2-1/2"]
[WhiteElo "2345"]
[BlackElo "2315"]
[PlyCount "111"]
[EventDate "2000.??.??"]
[Source "www.chesslib.no"]
[SourceDate "2004.05.04"]

1. Nf3 f5 2. d4 Nf6 3. g3 e6 4. Bg2 Be7 5. c4 O-O 6. Nc3 d5 7. O-O c6 8. Ne5 Nbd7 9. Nxd7 Bxd7 10. Qd3 Ne4 11. f3 Nxc3 12. bxc3 b5 13. c5 Be8 14. Bf4 g5 15. Be5 Bg6 16. Qe3 Bf6 17. Bd6 Re8 18. a4 a6 19. f4 Bh5 20. Bf3 Bxf3 21. exf3 gxf4 22. Bxf4 Qe7 23. Rfe1 Qb7 24. Qd2 Qg7 25. Be5 h5 26. Kh1 Kf7 27. Bxf6 Qxf6 28. Qf4 Re7 29. axb5 cxb5 30. Ra5 h4 31. Qxh4 Qxh4 32. gxh4 f4 33. Kg2 Kf6 34. Re5 Rg7+ 35. Kf2 Rh7 36. h5 Rg7 37. h6 Rh7 38. Rh5 Kg6 39. Re5 Kf6 40. Rh5 Kg6 41. Rh4 Kg5 42. Rh3 Raa7 43. Ra1 a5 44. Rg1+ Kf6 45. Re1 a4 46. Rh4 Ke7 47. Rxf4 Rxh6 48. h4 a3 49. Rg4 Kf6 50. Rf4+ Ke7 51. Ra1 a2 52. Ke2 Rh8 53. Rg4 Kf6 54. Rf4+ Ke7 55. Rg4 Kf6 56. Rf4+ 1/2-1/2

[Event "Foment Open"]
[Site "Foment"]
[Date "1994.??.??"]
[Round "?"]
[White "Campos Moreno, Javier B"]
[Black "Rodriguez, G."]
[Result "1-0"]
[WhiteElo "2445"]
[BlackElo "2210"]
[PlyCount "95"]
[EventDate "1994.??.??"]
[Source "www.chesslib.no"]
[SourceDate "2004.05.04"]

1. d4 d5 2. c4 e6 3. Nc3 f5 4. g3 Nf6 5. Bg2 c6 6. Qb3 Be7 7. Nf3 O-O 8. O-O Kh8 9. Bf4 Nbd7 10. Ng5 Nb8 11. e3 Ng4 12. Nf3 Nd7 13. h3 g5 14. hxg4 gxf4 15. exf4 fxg4 16. Nh2 Nf6 17. Rfe1 Bd6 18. Re3 h5 19. Rae1 Rb8 20. a3 Bd7 21. Bf1 Ng8 22. Bd3 Qf6 23. Ne2 Nh6 24. Qc3 Rfc8 25. c5 Bc7 26. b4 a6 27. Nf1 Ra8 28. Nd2 Be8 29. Nb3 Bg6 30. Nec1 Re8 31. Kg2 Nf5 32. Bxf5 Bxf5 33. Nd3 Be4+ 34. Rxe4 dxe4 35. Ne5 Bxe5 36. dxe5 Qf7 37. Nd2 Red8 38. Nxe4 Kg7 39. Nd6 Qg6 40. f5 exf5 41. e6+ Kh7 42. Qe5 Re8 43. e7 Rab8 44. Nxf5 Qf7 45. Nd6 Qd5+ 46. Qxd5 cxd5 47. Re6 Kg7 48. Kf1 1-0

[Event "Juan Fontclara Memorial"]
[Site "Asuncion PAR"]
[Date "1995.??.??"]
[Round "3"]
[White "Navarro, Nelson"]
[Black "Minzer, Claudio Javier"]
[Result "1/2-1/2"]
[WhiteElo "2270"]
[BlackElo "2385"]
[PlyCount "118"]
[EventDate "1995.??.??"]
[Source "www.chesslib.no"]
[SourceDate "2004.05.04"]

1. d4 e6 2. c4 f5 3. g3 Nf6 4. Bg2 Be7 5. Nf3 O-O 6. O-O d5 7. Nc3 c6 8. Bg5 Nbd7 9. Qd3 Ne4 10. Bxe7 Qxe7 11. a3 a5 12. Rac1 b6 13. Nd2 Ba6 14. Ncxe4 dxe4 15. Qc3 e5 16. e3 exd4 17. exd4 c5 18. d5 Rae8 19. Rce1 Qe5 20. Qxe5 Nxe5 21. Rc1 a4 22. Rfd1 g5 23. Rc3 Rd8 24. f3 exf3 25. Nxf3 Nxf3+ 26. Bxf3 Rfe8 27. Kf2 Kg7 28. Rd2 Rd6 29. Re2 Rxe2+ 30. Bxe2 Bc8 31. Re3 Kf8 32. Bd3 Rf6 33. Re5 Bd7 34. Kf3 Rf7 35. h4 h6 36. Re1 Kg7 37. hxg5 hxg5 38. Rh1 Rf6 39. Rh5 Rg6 40. Kf2 Rh6 41. Rxg5+ Kf6 42. Rg8 Rh2+ 43. Ke3 Rxb2 44. Rh8 Rb3 45. Rh7 Be8 46. Kd2 Bg6 47. Rb7 Ke5 48. Bc2 Rxa3 49. Rxb6 Rxg3 50. d6 Rg4 51. d7 Rd4+ 52. Kc3 Bf7 53. Bxa4 Be6 54. Rc6 Rxc4+ 55. Kb3 Rb4+ 56. Kc3 Rc4+ 57. Kb3 Rd4+ 58. Kc3 Rxd7 59. Rxc5+ Rd5 1/2-1/2

[Event "Espoo"]
[Site "Espoo"]
[Date "1986.??.??"]
[Round "?"]
[White "Hurme, Harri M"]
[Black "Kivisto, Mikko"]
[Result "0-1"]
[WhiteElo "2320"]
[BlackElo "2330"]
[PlyCount "134"]
[EventDate "1986.??.??"]
[Source "www.chesslib.no"]
[SourceDate "2004.05.04"]

1. d4 e6 2. c4 f5 3. Nf3 d5 4. g3 Nf6 5. Bg2 Be7 6. O-O O-O 7. Nc3 c6 8. b3 b6 9. Bb2 Bb7 10. e3 Bd6 11. Ne2 Qe7 12. Nf4 a5 13. Qc2 Ne4 14. Ne5 a4 15. Rac1 axb3 16. axb3 Na6 17. Nfd3 Nb4 18. Nxb4 Bxb4 19. Ra1 Bd6 20. Nd3 h5 21. Nf4 Qf7 22. f3 Nf6 23. h4 Rac8 24. c5 bxc5 25. dxc5 Bb8 26. e4 fxe4 27. fxe4 e5 28. Nh3 Qg6 29. Ng5 Rce8 30. b4 Nh7 31. Rf5 Rxf5 32. exf5 Qf6 33. Ne6 Bc8 34. Bh3 Bxe6 35. fxe6 Qf3 36. Qg6 Qe3+ 37. Kh1 Nf6 38. Rf1 Qe4+ 39. Qxe4 Nxe4 40. Kg2 d4 41. Bc1 Nf6 42. Bg5 Ng4 43. e7 e4 44. b5 cxb5 45. Rb1 e3 46. Kf3 Kf7 47. Rxb5 Nf6 48. c6 Bc7 49. Bf1 Rxe7 50. Rb7 Ke6 51. Bb5 Kd5 52. Ke2 Kc5 53. Ba4 Kc4 54. Bb5+ Kc3 55. Bd3 Rf7 56. Bf4 Nd5 57. Bg6 Rxf4 58. gxf4 Nxf4+ 59. Kf3 e2 60. Kf2 Nxg6 61. Kxe2 Nf4+ 62. Kf3 Nd5 63. Rb1 d3 64. Rc1+ Kd4 65. Rg1 d2 66. Ke2 Bf4 67. c7 Nc3+ 0-1

[Event "Boeblingen op"]
[Site "Boeblingen"]
[Date "1998.??.??"]
[Round "?"]
[White "Ikonnikov, Vyacheslav"]
[Black "Halser, Walter"]
[Result "1-0"]
[WhiteElo "2555"]
[BlackElo "2090"]
[PlyCount "81"]
[EventDate "1998.??.??"]
[Source "www.chesslib.no"]
[SourceDate "2004.05.04"]

1. d4 e6 2. c4 f5 3. g3 Nf6 4. Bg2 c6 5. Nf3 Be7 6. O-O O-O 7. Nc3 d5 8. Bf4 Ne4 9. Rc1 a5 10. Ne5 Nd7 11. Nxe4 fxe4 12. f3 exf3 13. exf3 dxc4 14. Nxc4 Nf6 15. Be5 Nd5 16. Qe2 Bd7 17. Bh3 c5 18. Bd6 Bxd6 19. Nxd6 Kh8 20. dxc5 Qf6 21. Rce1 Bc6 22. Qe5 Nb4 23. Qxf6 Rxf6 24. Rxe6 Nd3 25. Rxf6 gxf6 26. Bf5 Nxc5 27. Re1 Bd7 28. Bxd7 Nxd7 29. Re7 Ne5 30. f4 Nd3 31. Rxb7 Kg8 32. b3 a4 33. Ne4 axb3 34. Nxf6+ Kf8 35. Nxh7+ Kg8 36. Nf6+ Kf8 37. Rxb3 Nc1 38. Rb2 Nd3 39. Rd2 Nc1 40. h4 Ra3 41. Kg2 1-0

[Event "Frankfurt"]
[Site "Frankfurt"]
[Date "1988.??.??"]
[Round "6"]
[White "Alber, Horst"]
[Black "Staller, Peter"]
[Result "1/2-1/2"]
[WhiteElo "2275"]
[BlackElo "2370"]
[PlyCount "84"]
[EventDate "1988.??.??"]
[Source "www.chesslib.no"]
[SourceDate "2004.05.04"]

1. d4 e6 2. c4 f5 3. g3 Nf6 4. Bg2 d5 5. Nf3 Be7 6. O-O O-O 7. Nc3 c6 8. b3 Ne4 9. Bb2 Nd7 10. Ne1 Nd6 11. Qd3 Kh8 12. Nc2 b6 13. cxd5 cxd5 14. a4 a5 15. Ba3 Ba6 16. Nb5 Bxb5 17. axb5 Rc8 18. Rfc1 Ne4 19. Bxe7 Qxe7 20. Ne3 Qb4 21. Rc6 Qe7 22. Rac1 Rxc6 23. bxc6 Ndf6 24. Bxe4 fxe4 25. Qb5 Qc7 26. Rc2 Ra8 27. Ng2 Kg8 28. Nf4 Kf7 29. f3 g5 30. Nh3 g4 31. Ng5+ Ke7 32. fxe4 Rg8 33. e5 Rxg5 34. exf6+ Kxf6 35. e3 h5 36. b4 axb4 37. Qxb4 Kg7 38. Rf2 Rf5 39. Rxf5 exf5 40. Qb5 Qe7 41. Qb3 Kf6 42. Kf2 Qd8 1/2-1/2

[Event "CRO-Cup"]
[Site "Pula"]
[Date "1993.??.??"]
[Round "3"]
[White "Slogar, Dubravko"]
[Black "Pavlovic, Ranko"]
[Result "1/2-1/2"]
[WhiteElo "2320"]
[BlackElo "2320"]
[PlyCount "76"]
[EventDate "1993.??.??"]
[Source "www.chesslib.no"]
[SourceDate "2004.05.04"]

1. d4 e6 2. g3 f5 3. Bg2 Nf6 4. Nf3 Be7 5. c4 O-O 6. O-O c6 7. Nc3 d5 8. Ne5 Bd7 9. Qb3 Qb6 10. c5 Qxb3 11. axb3 Na6 12. Nd3 Nc7 13. Bf4 Nce8 14. Rfe1 Bd8 15. b4 Bc7 16. Be5 Ng4 17. Bxc7 Nxc7 18. h3 Nf6 19. Ne5 Be8 20. f3 a6 21. e3 Rd8 22. g4 Nd7 23. Nd3 Bg6 24. g5 Rde8 25. f4 h5 26. Bf1 Bf7 27. Kf2 g6 28. Ne2 Rb8 29. Ng1 Kg7 30. Nf3 Rfc8 31. Nfe5 Be8 32. Rec1 Nf8 33. b3 Nb5 34. Nb2 Nc7 35. Na4 Nd7 36. Nd3 Na8 37. Ra2 Kf7 38. Rca1 Kg7 1/2-1/2

[Event "Metz Open"]
[Site "Metz FRA"]
[Date "1991.??.??"]
[Round "?"]
[White "Mazzoni, Guy"]
[Black "Bellin, Robert"]
[Result "1/2-1/2"]
[WhiteElo "2250"]
[BlackElo "2390"]
[PlyCount "59"]
[EventDate "1991.04.??"]
[Source "www.chesslib.no"]
[SourceDate "2004.05.04"]

1. d4 f5 2. Nf3 Nf6 3. g3 e6 4. Bg2 Be7 5. O-O O-O 6. c4 c6 7. Nc3 d5 8. Ne5 Nbd7 9. cxd5 exd5 10. Nd3 Ne4 11. Qc2 a5 12. f3 Nd6 13. Be3 Nf6 14. Bf2 Be6 15. Nc5 Bf7 16. a3 Nd7 17. Rad1 b6 18. Nd3 Rc8 19. e4 fxe4 20. fxe4 Nxe4 21. Nxe4 dxe4 22. Bxe4 Nf6 23. Bf5 Rc7 24. Ne5 Bd5 25. Bd3 b5 26. Be3 a4 27. Rc1 Bd6 28. Bg5 Qe8 29. Bxf6 gxf6 30. Ng4 1/2-1/2

[Event "Rilton Cup"]
[Site "Stockholm"]
[Date "1988.??.??"]
[Round "?"]
[White "Nordstrom, Felix"]
[Black "Hartman, Christer"]
[Result "0-1"]
[WhiteElo "2290"]
[BlackElo "2350"]
[PlyCount "70"]
[EventDate "1988.??.??"]
[Source "ChessBase"]

1. d4 f5 2. g3 e6 3. Bg2 Nf6 4. Nf3 d5 5. O-O Be7 6. c4 O-O 7. Nc3 c6 8. Bg5 Nbd7 9. e3 h6 10. Bxf6 Rxf6 11. cxd5 exd5 12. Ne2 Bd6 13. Nc1 Qe7 14. Nd3 b6 15. Qa4 Bb7 16. b4 a5 17. bxa5 Rxa5 18. Qc2 Ra3 19. Rab1 Ba6 20. Rb3 Bc4 21. Rxa3 Bxa3 22. Rb1 Bd6 23. a4 Rf8 24. Nfe5 Bxe5 25. Nxe5 Nxe5 26. dxe5 b5 27. axb5 cxb5 28. Qc3 Rb8 29. Qd4 Qe6 30. Rd1 b4 31. f4 b3 32. Rd2 Rb5 33. Bf1 Qb6 34. Rb2 Qxd4 35. exd4 Ra5 0-1

[Event "1. Eksjo SK int. turnering"]
[Site "?"]
[Date "1973.??.??"]
[Round "?"]
[White "Ek Hans, (SVE)."]
[Black "Akvist Hakan, (SVE)."]
[Result "1/2-1/2"]
[WhiteElo "2330"]
[BlackElo "2310"]
[PlyCount "39"]
[EventDate "1973.??.??"]
[Source "www.chesslib.no"]
[SourceDate "2004.05.04"]

1. d4 f5 2. Nf3 Nf6 3. c4 e6 4. g3 d5 5. Bg2 Be7 6. O-O O-O 7. Nc3 c6 8. cxd5 exd5 9. Bf4 Ne4 10. Qc2 Be6 11. Rad1 Nd7 12. Ne5 Nxe5 13. Bxe5 Bd6 14. Bxd6 Qxd6 15. e3 Bf7 16. Rc1 Bh5 17. Na4 Rae8 18. Nc5 Nxc5 19. Qxc5 Qxc5 20. Rxc5 1/2-1/2

[Event "Wch U14"]
[Site "Oropesa del Mar"]
[Date "2000.10.18"]
[Round "7"]
[White "Halay, Haufik"]
[Black "Wang Yue"]
[Result "0-1"]
[WhiteElo "2198"]
[BlackElo "2440"]
[PlyCount "94"]
[EventDate "2000.10.11"]
[Source "www.chesslib.no"]
[SourceDate "2004.05.04"]

1. d4 e6 2. c4 f5 3. Nc3 Nf6 4. Nf3 Be7 5. g3 d5 6. Bg2 O-O 7. O-O c6 8. Rb1 Nbd7 9. c5 Ne4 10. Qc2 Bf6 11. Rd1 Qe7 12. b4 e5 13. e3 Nxc3 14. Qxc3 e4 15. Nd2 Qe8 16. b5 Bd8 17. a4 Nf6 18. Ba3 h5 19. a5 cxb5 20. c6 Rf7 21. Rxb5 bxc6 22. Rb2 Ba6 23. Nb3 Bb5 24. Nc5 a6 25. Bf1 Rc7 26. Rc1 Nd7 27. Bxb5 cxb5 28. Qb3 Qf7 29. Rbc2 Nxc5 30. Bxc5 Rac8 31. Bb6 Rc4 32. Rxc4 dxc4 33. Qc3 Be7 34. Qd2 Qd5 35. Qe2 g6 36. h4 Rc6 37. Kg2 c3 38. Bc5 Bxc5 39. dxc5 Qxc5 40. Qd1 Rc7 41. Qd8+ Kh7 42. Rd1 Qe7 43. Qa8 c2 44. Rc1 Qd6 45. Qb8 Qc5 46. Qa8 b4 47. Qxa6 b3 0-1

[Event "Tan Lian Ann cup, Tianjin CHN"]
[Site "?"]
[Date "2001.??.??"]
[Round "13"]
[White "Altanoch, G."]
[Black "Ning Chunhong"]
[Result "1/2-1/2"]
[WhiteElo "2295"]
[BlackElo "2340"]
[PlyCount "80"]
[EventDate "2001.??.??"]
[Source "www.chesslib.no"]
[SourceDate "2004.05.04"]

1. d4 f5 2. g3 Nf6 3. Bg2 e6 4. Nf3 Be7 5. O-O O-O 6. c4 d5 7. Nc3 c6 8. Bg5 h6 9. Bxf6 Bxf6 10. cxd5 exd5 11. b4 Be6 12. Qc2 a6 13. a4 Nd7 14. b5 axb5 15. axb5 Rxa1 16. Rxa1 c5 17. e3 Qb6 18. Qb3 c4 19. Qa3 Qc7 20. Ne1 Nb6 21. Nc2 Be7 22. Qb2 Qd6 23. Ra7 Rb8 24. Qa1 Kh7 25. h4 g5 26. hxg5 hxg5 27. f4 Kg6 28. Kf2 Bf6 29. Qa3 Qxa3 30. Rxa3 Be7 31. Ra7 Nc8 32. Ra1 Nb6 33. Ke2 Bd6 34. Kf2 Bf7 35. Bf3 Rh8 36. Ra7 Rb8 37. Bg2 Nc8 38. Ra2 Nb6 39. Ra1 g4 40. Ra7 Nc8 1/2-1/2

[Event "Defensa Holandesa"]
[Site "?"]
[Date "1998.??.??"]
[Round "?"]
[White "MF Rafael Araque(0.15)"]
[Black "MI Hector Elissalt(0.02)"]
[Result "1/2-1/2"]
[WhiteElo "2325"]
[BlackElo "2310"]
[PlyCount "20"]
[EventDate "1998.??.??"]
[Source "www.chesslib.no"]
[SourceDate "2004.05.04"]

1. d4 e6 2. Nf3 f5 3. c4 Nf6 4. Nc3 d5 5. g3 c6 6. Bg2 Be7 7. O-O O-O 8. Bf4 b6 9. Qc2 Bb7 10. Rfd1 Na6 1/2-1/2

[Event "Memorial D.Efremenkov"]
[Site "?"]
[Date "2000.??.??"]
[Round "7"]
[White "Mitrofanov Alexander"]
[Black "Gavritenkov Sergei"]
[Result "0-1"]
[WhiteElo "2278"]
[BlackElo "2350"]
[PlyCount "86"]
[EventDate "2000.??.??"]
[Source "www.chesslib.no"]
[SourceDate "2004.05.04"]

1. d4 e6 2. c4 f5 3. Nc3 Nf6 4. Nf3 d5 5. g3 c6 6. Bg2 Be7 7. O-O O-O 8. Qb3 b6 9. Ne5 Bb7 10. cxd5 cxd5 11. Rd1 Nc6 12. Bf4 Rc8 13. Nxc6 Bxc6 14. Bf1 Qd7 15. f3 Nh5 16. Be5 b5 17. a3 a6 18. e3 g5 19. Qc2 Qb7 20. Qd2 a5 21. Ne2 b4 22. axb4 Bxb4 23. Nc3 h6 24. Rdc1 Nf6 25. Bd3 Nd7 26. Qe2 Qb6 27. f4 Nxe5 28. fxe5 Be8 29. Kg2 Rc7 30. Nb5 Rg7 31. Rc8 f4 32. Rf1 Qb7 33. Rcc1 Qb6 34. Nd6 Bxd6 35. exd6 Qxd6 36. exf4 gxf4 37. Qe5 Qxe5 38. dxe5 Rg5 39. Rce1 Bc6 40. Kh3 f3 41. Rc1 Be8 42. Rce1 Rh5+ 43. Kg4 Rxh2 0-1

[Event "Budapest Multicoop"]
[Site "?"]
[Date "1991.??.??"]
[Round "?"]
[White "Pedersen, Steffen"]
[Black "Roos, Jean Luc"]
[Result "1/2-1/2"]
[WhiteElo "2295"]
[BlackElo "2325"]
[PlyCount "75"]
[EventDate "1991.??.??"]
[Source "www.chesslib.no"]
[SourceDate "2004.05.04"]

1. d4 f5 2. c4 e6 3. Nf3 Nf6 4. g3 Be7 5. Bg2 O-O 6. O-O d5 7. Nc3 c6 8. Bg5 b6 9. Ne5 Bb7 10. Qc2 Nbd7 11. cxd5 cxd5 12. Nd3 Ne4 13. Bxe7 Qxe7 14. Rfc1 Rfc8 15. Qb3 Nxc3 16. Rxc3 Rxc3 17. Qxc3 Rc8 18. Qd2 Nf6 19. Rc1 Rxc1+ 20. Qxc1 Ne8 21. Ne5 Nd6 22. e3 Ne8 23. Bf1 Qc7 24. Qxc7 Nxc7 25. Bd3 g5 26. Kf1 Kg7 27. Ke2 Ne8 28. Kd2 Nd6 29. Kc3 h6 30. a4 Kf6 31. Kb4 Ke7 32. a5 Kd8 33. a6 Ba8 34. f3 Ke7 35. Bc2 Nf7 36. Nxf7 Kxf7 37. Ba4 Ke7 38. Bb5 1/2-1/2

[Event "IV Open, Malaga ESP"]
[Site "?"]
[Date "2001.??.??"]
[Round "2"]
[White "Franco Ocampos, Z."]
[Black "Cobo Prados, N."]
[Result "1-0"]
[WhiteElo "2480"]
[BlackElo "2140"]
[PlyCount "67"]
[EventDate "2001.??.??"]
[Source "www.chesslib.no"]
[SourceDate "2004.05.04"]

1. c4 f5 2. Nc3 Nf6 3. g3 e6 4. Bg2 Be7 5. d4 O-O 6. Nf3 d5 7. O-O c6 8. b3 Ne4 9. Bb2 Nd7 10. e3 Qe8 11. Ne2 g5 12. Ne5 Qh5 13. f3 Nd6 14. c5 Ne8 15. b4 Ng7 16. Bc3 Qh6 17. Qd2 Nh5 18. e4 Nxe5 19. dxe5 f4 20. g4 Ng7 21. exd5 exd5 22. Nd4 Be6 23. Rfe1 Qg6 24. Bf1 h5 25. Bd3 Qh6 26. h3 Rac8 27. Rac1 Rf7 28. Re2 Rcf8 29. Qc2 hxg4 30. hxg4 Bxg4 31. fxg4 Qh3 32. Rh2 Qxg4+ 33. Qg2 Qxg2+ 34. Kxg2 1-0

[Event "RUS-Cup"]
[Site "Omsk/Perm"]
[Date "1998.??.??"]
[Round "9"]
[White "Yashtylov, Anatolij"]
[Black "Pres, Grigorij"]
[Result "0-1"]
[WhiteElo "2295"]
[BlackElo "2315"]
[PlyCount "32"]
[EventDate "1998.??.??"]
[Source "www.chesslib.no"]
[SourceDate "2004.05.04"]

1. d4 e6 2. c4 f5 3. Nc3 Nf6 4. g3 Be7 5. Bg2 O-O 6. Nf3 d5 7. O-O c6 8. Qc2 Bd7 9. Bf4 Be8 10. cxd5 cxd5 11. Qb3 Qb6 12. Qxb6 axb6 13. a4 Na6 14. Nb5 Ne4 15. Rfc1 g5 16. Bc7 Bxb5 0-1

[Event "Landesliga S Bayern 9495"]
[Site "GER"]
[Date "1995.??.??"]
[Round "2"]
[White "Salvermoser, Bernd"]
[Black "Kuenzner, Franz"]
[Result "1-0"]
[WhiteElo "2275"]
[BlackElo "2315"]
[PlyCount "101"]
[EventDate "1994.10.??"]
[Source "www.chesslib.no"]
[SourceDate "2004.05.04"]

1. d4 d5 2. c4 c6 3. Nf3 e6 4. Nc3 f5 5. g3 Nf6 6. Bg2 Be7 7. O-O O-O 8. Bf4 Ne4 9. h4 Nd7 10. cxd5 Nxc3 11. bxc3 cxd5 12. a4 b6 13. c4 Bb7 14. Ng5 Bxg5 15. hxg5 Rf7 16. cxd5 Bxd5 17. Bxd5 exd5 18. Qb3 Nf8 19. Be5 Qxg5 20. Qxd5 Rd8 21. Qb3 Ng6 22. Rac1 Ne7 23. e3 Nd5 24. Rc6 Qe7 25. Ra1 Qb4 26. Rb1 Qxb3 27. Rxb3 Rfd7 28. a5 Ne7 29. Rc7 Nd5 30. axb6 axb6 31. Rxd7 Rxd7 32. f3 Rb7 33. Kf2 b5 34. e4 fxe4 35. fxe4 Nf6 36. Kf3 h5 37. d5 Ng4 38. Bd4 Nf6 39. Bb2 Kf7 40. Ke3 Ng4+ 41. Kd4 g5 42. e5 b4 43. Kc5 Rc7+ 44. Kd6 Rc4 45. Kd7 Nxe5+ 46. Bxe5 h4 47. gxh4 gxh4 48. Rf3+ Kg6 49. d6 Kg5 50. Ke6 Kg4 51. Rf2 1-0